000 00427nam a22001577a 4500
005 20200523141707.0
008 200523b xxu||||| |||| 00| 0 eng d
041 _aeng
082 _a340
110 _aThe All India Reporter Ltd.
_95739
245 _aThe All India Reporter 1963 (VOL-50) STATUTE AND ARTICLES Section
260 _aBOMBAY
_bThe All India Reporter Ltd.
300 _a112p.
650 _aLAW
_95701
942 _cJRL
999 _c6449
_d6447